000
00312nam a22001337a 4500
008
250508b |||||||| |||| 00| 0 eng d
020
_a
9781933348155
050
_a
NK 1167
_b
.U55
100
_a
Delbert Unruh
245
_a
Jules Fisher
260
_a
New York
_b
David R odger
_c
2009
300
_a
127p.
942
_c
BK
999
_c
3368
_d
3368